| 000 | 01750cam a2200445 i 4500 | ||
|---|---|---|---|
| 001 | ocn893609430 | ||
| 003 | OCoLC | ||
| 005 | 20230623085537.0 | ||
| 008 | 141021s2015 wiu j 000 1 eng | ||
| 010 | _a 2014040092 | ||
| 020 | _a9781609588915 (pbk.) | ||
| 020 | _a1609588916 (pbk.) | ||
| 026 | _a9781480670570 (PawPrints) | ||
| 026 | _a148067057X (PawPrints) | ||
| 035 | _a(OCoLC)893609430 | ||
| 035 | _a1243820 | ||
| 040 |
_aDLC _erda _beng _cDLC _dIG# _dBKL _dIUK _dIEP _dIHI _dDAD |
||
| 041 | _aeng | ||
| 100 | 1 | _aCasanova, Mary. | |
| 245 | 1 | 0 |
_aGrace / _cby Mary Casanova ; illustrations by Sarah Davis. |
| 246 | _aGrace la patisserie | ||
| 260 |
_aMiddleton, WI : _bAmerican Girl Publishing, _cc2015 |
||
| 264 | 1 |
_aMiddleton, WI : _bAmerican Girl Publishing, _c[2015] |
|
| 300 |
_a195 pages ; _c20 cm. |
||
| 336 |
_atext _2rdacontent. |
||
| 337 |
_aunmediated _2rdamedia. |
||
| 338 |
_avolume _2rdacarrier. |
||
| 440 | _aAmerican Girl | ||
| 490 | 1 |
_aGirl of the year ; _v1. |
|
| 520 | _aNine-year-old Grace likes having a plan but she must find a way to be flexible and open to new ideas when she goes to Paris with her mother and has trouble getting along with her cousin, while at home her friends start the business she proposed without her. | ||
| 650 | 0 |
_aCousins _vJuvenile fiction. |
|
| 650 | 0 |
_aVoyages and travels _vJuvenile fiction. |
|
| 650 | 0 |
_aBakeries _vJuvenile fiction. |
|
| 650 | 0 |
_aFriendship _vJuvenile fiction. |
|
| 651 | 0 |
_aParis (France) _vJuvenile fiction. |
|
| 651 | 0 |
_aFrance _vJuvenile fiction. |
|
| 776 | 0 | 8 |
_iOnline version: _aCasanova, Mary. _tGrace _dMiddleton, WI : American Girl Publishing, 2015 _z9781609588953 _w(DLC) 2014041940. |
| 830 | 0 |
_aGirl of the year. _pGrace ; _v1. |
|
| 942 | _cBK | ||
| 999 |
_c28187 _d28187 |
||